Name That Major Desert - Statistics

General Stats
  • This quiz has been taken 19 times
  • The average score is 10 of 24
Answer Stats
Single Clues Of Deserts Type Of Desert Surface Area Answer % Correct
Only 5% is sand dunes Cold Winter 500,000 mi² Gobi
100%
Snowed in February 19th, 1979 Subtropical 3.5 million mi² Sahara
100%
Home Of The Dry Valleys Polar 5.5 million mi² Antarctica
77%
Driest Desert in the world Cool Coastal 54,000 mi² Atacama
77%
Indigenous People Called Inuit Polar 5.4 million mi² Arctic
69%
South of Fertile Cresent Subtropical 1 million mi² Arabian
62%
“Meerkat Manor” was produced here Subtropical 220,000 mi² Kalahari
62%
Welwitschia Mirabilis, only founded here Cool Coastal 13,000 mi² Namib
62%
The Death Valley is located here Subtropical 54,000 mi² Mojave
54%
Name of a Dog + n Subtropical 175,000 mi² Chihuahuan
46%
Fremont People inhabited the area Cold Winter 190,000 mi² Great Basin
46%
In winter, it falls to 18 to 23 °C Subtropical 250,000 mi² Great Victoria
46%
Magellanic penguin origin Cold Winter 260,000 mi² Patagonian
38%
Four Corners Monument is in here Cold Winter 130,000 mi² Colorado Plateau
23%
The Uluru Rock is located here Subtropical 150,000 mi² Great Sandy
23%
Saguaro Cacti grow here Subtropical 120,000 mi² Sonoran
23%
Covers Officer Basin & Canning Basin Subtropical 120,000 mi² Gibson
15%
Black Sand in Turkic languages Cold Winter 135,000 mi² Kara-Kum
15%
Also spelled Qyzylqum Cold Winter 115,000 mi² Kyzyl-Kum
15%
World's longest parallel sand dunes Subtropical 56,000 mi² Simpson
15%
Known as "Badiyat al-Sham" Subtropical 190,000 mi² Syrian
15%
In the Xinjiang Uyghur Region in China Cold Winter 105,000 mi² Taklamakan
15%
60% of the desert lies in Rajasthan State Subtropical 75,000 mi² Thar
15%
Alborz Mountains to Central plateau Cold Winter 100,000 mi² Iranian
8%
No matching quizzes found
Score Distribution
Percent of People with Each Score
Percentile by Number Answered
Your Score History
You have not taken this quiz